Catálogo

La marca tipográfica de Diego Fernández de León / (Registro nro. 62607)

Detalles MARC
000 -LEADER
fixed length control field 00919cam a2200241 i 4500
001 - CONTROL NUMBER
control field 62607
005 - DATE AND TIME OF LATEST TRANSACTION
control field 20180714064710.0
008 - FIXED-LENGTH DATA ELEMENTS--GENERAL INFORMATION
fixed length control field 150518s2010 mx a r 000 0 spa d
020 ## - INTERNATIONAL STANDARD BOOK NUMBER
International Standard Book Number 9786074872149
040 ## - CATALOGING SOURCE
Original cataloging agency MX-PuUPA
Language of cataloging spa
Description conventions rda
Transcribing agency Mx-PuUPA
Modifying agency Mx-PuUPA
041 ## - LANGUAGE CODE
Language code of text/sound track or separate title spa
082 0# - DEWEY DECIMAL CLASSIFICATION NUMBER
Classification number 769.92
Item number CAS
100 1# - MAIN ENTRY--PERSONAL NAME
Personal name Castro Regla, Elizabeth,
Relator term autor
245 13 - TITLE STATEMENT
Title La marca tipográfica de Diego Fernández de León /
Statement of responsibility, etc. Elizabeth Castro Regla.
250 ## - EDITION STATEMENT
Edition statement Primera edición
264 #1 - PRODUCTION, PUBLICATION, DISTRIBUTION, MANUFACTURE, AND COPYRIGHT NOTICE
Place of production, publication, distribution, manufacture Puebla, Pue. :
Name of producer, publisher, distributor, manufacturer Instituto de Ciencias Sociales y Humanidades "Alfonso Vélez Pliego",
-- Benemérita Universidad Autónoma de Puebla,
Date of production, publication, distribution, manufacture, or copyright notice 2010
300 ## - PHYSICAL DESCRIPTION
Extent 116 páginas :
Other physical details ilustraciones, facsímiles ;
Dimensions 23 cm.
336 ## - CONTENT TYPE
Content type term texto
Source rdacontent
337 ## - MEDIA TYPE
Media type term sin mediación
Source rdamedia
338 ## - CARRIER TYPE
Carrier type term volumen
Source rdacarrier
650 #0 - SUBJECT ADDED ENTRY--TOPICAL TERM
Topical term or geographic name entry element Marcas tipográficas
650 #0 - SUBJECT ADDED ENTRY--TOPICAL TERM
Topical term or geographic name entry element Impresores
General subdivision Historia
Geographic subdivision Puebla
-- Ciudad de México
Existencias
Withdrawn status Lost status Source of classification or shelving scheme Damaged status Not for loan Collection code Home library Current library Shelving location Date acquired Source of acquisition Inventory number Total Checkouts Full call number Barcode Date last seen Price effective from Koha item type
    Dewey Decimal Classification   Consulta en sala Puebla Biblioteca Karol Wojtyla Biblioteca Karol Wojtyla Área de silencio 18/05/2015 Compra 151000000000000000072840   769.92 CAS 2010 92673 05/01/2026 02/10/2017 Libro
    Dewey Decimal Classification     General Biblioteca Karol Wojtyla Biblioteca Karol Wojtyla Sala general 12/10/2015 Compra 151000000000000000022789   769.92 CAS 2010 94357 05/01/2026 12/10/2015 Libro